[Event "SLO-chT2 Ost"]
[Site "Maribor"]
[Date "2009.06.06"]
[Round "3"]
[White "Sostaric, Marko"]
[Black "Ocepek, Martin"]
[Result "1/2-1/2"]
[WhiteElo "2123"]
[BlackElo "1974"]
[PlyCount "93"]
[EventDate "2009.05.30"]
[EventType "team-tourn"]
[EventRounds "9"]
[EventCountry "SLO"]
[SourceTitle "EXT 2022"]
[Source "ChessBase"]
[SourceDate "2021.10.06"]
[SourceVersion "1"]
[SourceVersionDate "2021.10.06"]
[SourceQuality "1"]

1. d4 d5 2. Nf3 Nf6 3. Bg5 Nbd7 4. Nbd2 e6 5. e3 Be7 6. Bd3 b6 7. 0-0 Bb7 8. Ne5 h6 9. Bh4 Nxe5 10. dxe5 Nd7 11. Bxe7 Qxe7 12. f4 g5 13. Qh5 0-0-0 14. a4 gxf4 15. exf4 Rdg8 16. Nf3 Rg7 17. Qh4 Qxh4 18. Nxh4 Rhg8 19. g3 a5 20. c3 Rxg3+ 21. hxg3 Rxg3+ 22. Kf2 Rxd3 23. Rad1 Nc5 24. Nf3 Ba6 25. Rxd3 Nxd3+ 26. Ke3 Nxb2 27. Rh1 Nxa4 28. Kd2 Nc5 29. Rxh6 Bd3 30. Nd4 Bg6 31. Kc1 Nd3+ 32. Kd2 Nxf4 33. Ke3 Ng2+ 34. Kf2 Nf4 35. Ke3 c5 36. Nb5 Nh5 37. Kd2 Ng3 38. Rh8+ Kd7 39. Rb8 Kc6 40. Nd6 Ne4+ 41. Nxe4 Bxe4 42. Rc8+ Kb7 43. Rf8 Bg6 44. Kc1 b5 45. Kb2 c4 46. Rd8 b4 47. Rd6 1/2-1/2

[Event "SLO-ch U18"]
[Site "Slovenia"]
[Date "1994.??.??"]
[Round "?"]
[White "Markun, Bostjan"]
[Black "Sostaric, Marko"]
[Result "1-0"]
[WhiteElo "2280"]
[BlackElo "1890"]
[PlyCount "77"]
[EventDate "1994.??.??"]
[EventType "swiss"]
[EventRounds "9"]
[EventCountry "SLO"]
[SourceTitle "EXT 1998"]
[Source "ChessBase"]
[SourceDate "1997.11.17"]
[SourceVersion "1"]
[SourceVersionDate "1997.11.17"]
[SourceQuality "1"]

1. e4 c5 2. Nf3 e6 3. d4 cxd4 4. Nxd4 Nf6 5. Nc3 Nc6 6. Ndb5 Bb4 7. a3 Bxc3+ 8. Nxc3 d5 9. exd5 exd5 10. Bd3 0-0 11. 0-0 d4 12. Ne2 Qd5 13. c4 dxc3 14. Nxc3 Qa5 15. b4 Nxb4 16. axb4 Qxa1 17. Qc2 b5 18. Ne4 Qa6 19. Bb2 Nxe4 20. Bxe4 Bb7 21. Bxh7+ Kh8 22. Qc3 Qh6 23. Bf5 Bd5 24. Rd1 Rad8 25. Rd3 Bc4 26. Rd4 Rxd4 27. Qxd4 Re8 28. h3 f6 29. Qd6 Qh5 30. Qd7 Qf7 31. Qd4 Qh5 32. Qd7 Qf7 33. Qd4 Kg8 34. Qh4 g6 35. Bxf6 Qh7 36. Qg5 Bf7 37. Bg4 Re1+ 38. Kh2 Re8 39. Qd2 1-0

[Event "SLO-ch U18"]
[Site "Slovenia"]
[Date "1994.??.??"]
[Round "?"]
[White "Solmajer, Luka"]
[Black "Sostaric, Marko"]
[Result "1/2-1/2"]
[WhiteElo "1965"]
[BlackElo "1890"]
[PlyCount "49"]
[EventDate "1994.??.??"]
[EventType "swiss"]
[EventRounds "9"]
[EventCountry "SLO"]
[SourceTitle "EXT 1998"]
[Source "ChessBase"]
[SourceDate "1997.11.17"]
[SourceVersion "1"]
[SourceVersionDate "1997.11.17"]
[SourceQuality "1"]

1. d4 Nf6 2. c4 g6 3. Nc3 Bg7 4. e4 d6 5. f3 0-0 6. Be3 Nbd7 7. Nge2 c5 8. Qd2 Qa5 9. d5 a6 10. Ng3 Rb8 11. Be2 b5 12. cxb5 axb5 13. f4 b4 14. Nd1 Ba6 15. 0-0 Rfc8 16. Nf2 c4 17. Bd4 c3 18. bxc3 bxc3 19. Bxc3 Qxc3 20. Qxc3 Rxc3 21. Bxa6 Nc5 22. Be2 Ra3 23. Bc4 Rb4 24. Rac1 h5 25. Rfe1 1/2-1/2

[Event "SLO-ch U18"]
[Site "Slovenia"]
[Date "1994.??.??"]
[Round "?"]
[White "Sostaric, Marko"]
[Black "Klavcic, Klemen"]
[Result "1-0"]
[WhiteElo "1890"]
[BlackElo "1960"]
[PlyCount "117"]
[EventDate "1994.??.??"]
[EventType "swiss"]
[EventRounds "9"]
[EventCountry "SLO"]
[SourceTitle "EXT 1998"]
[Source "ChessBase"]
[SourceDate "1997.11.17"]
[SourceVersion "1"]
[SourceVersionDate "1997.11.17"]
[SourceQuality "1"]

1. d4 d5 2. Nf3 Nf6 3. Bg5 Bf5 4. e3 Nbd7 5. Bd3 Bxd3 6. Qxd3 e6 7. Ne5 Qc8 8. f4 Ne4 9. Bh4 Bd6 10. Nd2 Ndf6 11. 0-0 Nxd2 12. Qxd2 Ne4 13. Qe2 Bxe5 14. fxe5 Qd7 15. Qh5 0-0 16. Bf6 gxf6 17. exf6 Kh8 18. Rf4 Rg8 19. Rh4 Nxf6 20. Qe5 Rg6 21. Rf1 Rag8 22. g3 Qd6 23. Rxf6 Qxe5 24. dxe5 Rxf6 25. exf6 Rg6 26. Rf4 Kg8 27. Kf2 Kf8 28. Ke2 Ke8 29. g4 Kd7 30. g5 Rxg5 31. Rh4 h5 32. Kf3 Kd6 33. Kf4 Rf5+ 34. Kg3 e5 35. c4 dxc4 36. Rxc4 Rxf6 37. Rc2 e4 38. Kh4 Rf5 39. Rd2+ Kc6 40. Rd4 Re5 41. Kg3 f6 42. Kf4 a5 43. h4 b5 44. Rd8 b4 45. Rf8 Re6 46. Rh8 Kb5 47. Rxh5+ c5 48. Rf5 a4 49. h5 Re7 50. h6 Kc4 51. Rh5 b3 52. a3 Rc7 53. Kxe4 Re7+ 54. Kf5 Rxe3 55. h7 Re8 56. h8Q Rxh8 57. Rxh8 Kd3 58. Rh1 c4 59. Rc1 1-0

[Event "SLO-chT"]
[Site "Slovenia"]
[Date "1994.??.??"]
[Round "?"]
[White "Sostaric, Marko"]
[Black "Kovacic, Peter"]
[Result "0-1"]
[WhiteElo "1905"]
[BlackElo "2065"]
[PlyCount "82"]
[EventDate "1994.??.??"]
[EventType "team"]
[EventRounds "7"]
[EventCountry "SLO"]
[SourceTitle "EXT 1998"]
[Source "ChessBase"]
[SourceDate "1997.11.17"]
[SourceVersion "1"]
[SourceVersionDate "1997.11.17"]
[SourceQuality "1"]

1. d4 Nf6 2. Nf3 e6 3. Bg5 d5 4. Nbd2 Be7 5. e3 b6 6. Bd3 Bb7 7. 0-0 0-0 8. Ne5 h6 9. Bxf6 Bxf6 10. f4 c5 11. c3 Ba6 12. Bxa6 Nxa6 13. Qh5 b5 14. Rf3 Bxe5 15. fxe5 f5 16. exf6 Rxf6 17. Raf1 Rxf3 18. Nxf3 Qe7 19. Ne5 Rf8 20. Rxf8+ Qxf8 21. Nc6 b4 22. cxb4 Nxb4 23. Qe5 Qe8 24. Nxb4 cxb4 25. Qd6 a5 26. Qc5 Qg6 27. Qc1 Kh7 28. h3 Qd3 29. Kf2 a4 30. a3 b3 31. Ke1 Qe4 32. Qd2 Qb1+ 33. Ke2 Qg1 34. Kf3 Qf1+ 35. Kg3 Qb1 36. Qc3 Qc2 37. Qb4 Qxb2 38. Qxa4 Qc3 39. Kf4 b2 40. Qb5 Qc1 41. Qd3+ Kh8 0-1